01759 2200577 4500001002100000005001500021035002000036007000300056008004100059020002200100082001100122084001700133100003400150245007200184250001000256260003100266300003300297700001000330600003500340990002600375990002600401990002600427990002600453990002600479990002600505990002600531990002600557990002600583990002600609990002600635990002600661990002600687990002600713990002600739990002600765990002600791990002600817990002600843990002600869990002600895990002600921990002600947990002600973990002600999990002601025990002601051990002601077990002601103990002601129990002601155INLIS00000000000043020260430102101 a0010-0426000004ta260430 c 0 ind  a978-623-180-983-4 a510.76 a510.76 RUL g0 aRully Charitas Indra Prahmana1 aGemilang OSN Matematika :bSMP/MTs /cRully Charitas Indra Prahmana aEd. 1 aJakarta :bErlangga,c2023 a212 hlm :bill ;c18 x 25 cm0 aTaryo 4aMatematika - Ujian, soal, dsb. a11987/P.SMP1.B/B/2026 a11964/P.SMP1.B/B/2026 a11965/P.SMP1.B/B/2026 a11966/P.SMP1.B/B/2026 a11967/P.SMP1.B/B/2026 a11968/P.SMP1.B/B/2026 a11969/P.SMP1.B/B/2026 a11970/P.SMP1.B/B/2026 a11971/P.SMP1.B/B/2026 a11972/P.SMP1.B/B/2026 a11973/P.SMP1.B/B/2026 a11974/P.SMP1.B/B/2026 a11975/P.SMP1.B/B/2026 a11976/P.SMP1.B/B/2026 a11977/P.SMP1.B/B/2026 a11978/P.SMP1.B/B/2026 a11979/P.SMP1.B/B/2026 a11980/P.SMP1.B/B/2026 a11981/P.SMP1.B/B/2026 a11982/P.SMP1.B/B/2026 a11983/P.SMP1.B/B/2026 a11984/P.SMP1.B/B/2026 a11985/P.SMP1.B/B/2026 a11986/P.SMP1.B/B/2026 a11988/P.SMP1.B/B/2026 a11989/P.SMP1.B/B/2026 a11990/P.SMP1.B/B/2026 a11991/P.SMP1.B/B/2026 a11992/P.SMP1.B/B/2026 a11993/P.SMP1.B/B/2026 a11994/P.SMP1.B/B/2026